| 000 | 01341cam a2200385 a 4500 | ||
|---|---|---|---|
| 001 | 2139983 | ||
| 003 | OSt | ||
| 005 | 20140310182855.0 | ||
| 008 | 980612s1996 ph 000 0 tgl | ||
| 010 | _a 97946729 | ||
| 020 | _a9718726012 | ||
| 040 |
_aDLC _cDLC _dDLC |
||
| 042 | _alcode | ||
| 043 | _aa-ph--- | ||
| 050 | 0 | 0 |
_aHQ 23 _b.D143 1995 |
| 082 |
_aFIL 306.872 _bL97 1995 |
||
| 245 | 0 | 0 |
_aLuto ng Diyos : _bmga kwento ng buhay mag-asawa / _cGrace Aguiling-Dalisay ... [et al.]. |
| 246 | 3 | 0 | _aKwento ng buhay mag-asawa |
| 260 |
_aQuezon City, Filipinas : _bAkademya ng Sikolohiyang filipino Publishing house _c1995 |
||
| 300 |
_axiii, 168 p. ; _c26 cm. |
||
| 500 | _aFirst published: Lungsod ng Quezon, Filipinas : Akademya ng Sikolohiyang Pilipino Pub. House, 1995. | ||
| 520 | _aRelationship between couples in the Philippines. | ||
| 521 | _aCollege Students | ||
| 526 | _c1210L to 1700L | ||
| 541 | _j1 | ||
| 546 | _aIn Tagalog. | ||
| 562 | _eFor circulation. 1 copy available in the collection | ||
| 650 | 0 |
_aMarriage _zPhilippines. |
|
| 650 | 0 |
_aInterpersonal relations _zPhilippines. |
|
| 650 | 0 |
_aFamilies _zPhilippines. |
|
| 700 | 2 | _aAguiling-Dalisay, Grace. | |
| 906 |
_a7 _bcbc _corigode _d3 _encip _f19 _gy-gencatlg |
||
| 942 |
_2lcc _cBK _kFIL |
||
| 999 |
_c17020 _d17020 |
||